Elephants and the grass: a study of nonalignment (Record no. 431709)

000 -LEADER
fixed length control field 00448cam a22001457a 4500
008 - FIXED-LENGTH DATA ELEMENTS--GENERAL INFORMATION
fixed length control field 180718b1966 xxu||||| |||| 00| 0 eng d
082 ## - DEWEY DECIMAL CLASSIFICATION NUMBER
Classification number D45 C84
100 ## - MAIN ENTRY--PERSONAL NAME
Personal name Crabb, Cecil V.
245 ## - TITLE STATEMENT
Title Elephants and the grass: a study of nonalignment
Statement of responsibility, etc. by Cecil V. Crabb
260 ## - PUBLICATION, DISTRIBUTION, ETC.
Place of publication, distribution, etc. New York
Name of publisher, distributor, etc. Praeger
Date of publication, distribution, etc. 1966
300 ## - PHYSICAL DESCRIPTION
Extent 237p.
650 ## - SUBJECT ADDED ENTRY--TOPICAL TERM
Topical term or geographic name entry element Newly independent states --Politics and government
650 ## - SUBJECT ADDED ENTRY--TOPICAL TERM
Topical term or geographic name entry element World politics --1955-1965
650 ## - SUBJECT ADDED ENTRY--TOPICAL TERM
Topical term or geographic name entry element Neutrality
Holdings
Withdrawn status Lost status Damaged status Not for loan Permanent Location Current Location Date acquired Full call number Barcode Date last seen Price effective from Koha item type
        Indian Institute of Public Administration Indian Institute of Public Administration 2010-01-21 D45 C84 39974 2018-07-21 2018-07-21 Book

Powered by Koha